Statistics for How much countries are there in each continents?

Click here to take the quiz!

General Stats

  • This quiz has been taken 31 times
  • The average score is 5 of 6

Answer Stats

HintAnswer% Correct
South America12
97%
Africa54
94%
Oceania14
90%
Asia48
90%
North America23
84%
Europe50
81%

Score Distribution

Percentile by Number Answered

Percent of People with Each Score

Your Score History

You have not taken this quiz